000 00624nam a2200217Ii 4500
001 10345
003 CO-ViMGA
008 241108s9999||||xx |||||||||||||| ||und||
020 _a8437250374
040 _aCO-ViMGA
_bspa
_erda
_cCO-ViMGA
041 0 _aunk
084 _aLI-170
100 1 _aMartine Courtault
_956258
245 1 0 _aCow-boys y pioneros
264 1 _a[Lugar de publicación no identificado] : Ediciones Altea, 1987
300 _avolumen
336 _atext
_btxt
_2rdacontent
337 _aunmediated
_bn
_2rdamedia
338 _avolume
_bnc
_2rdacarrier
940 _aidficha_siabuc: 10106. -- ficha_no_siabuc:10345
999 _c54120
_d54120